| 000 | 00433cam a2200181ua 4500 | ||
|---|---|---|---|
| 020 | _c30.00 | ||
| 041 |
_aeng _h |
||
| 082 |
_a828.09 _bMUI/SH |
||
| 100 | _aMuir, Kenneth . | ||
| 245 |
_aShakespeare`s sources / _cKenneth muir. _hTextual Documents |
||
| 250 |
_a1 / _b. |
||
| 260 |
_aLondon : _bMethuen and Co. Ltd , _c1965. |
||
| 300 | _a280 ; . | ||
| 365 | _a30.00 | ||
| 504 | _a | ||
| 942 | _cBK | ||
| 999 |
_c5468 _d5468 |
||